000 00289nam a22001337a 4500
008 170606b xxu||||| |||| 00| 0 eng d
020 _a0070374791
041 _aeng
080 _a327
100 _a18
101 _aSHP
245 _aWORLD POLITICS DEBATED
_cLEVINE,H.M
942 _2udc
_cBK
999 _c16204
_d16204